Business opportunities in India.
| Other Authors: | |
|---|---|
| Format: | Book |
| Published: |
Singapore:
Prentice Hall,
1996.
|
| Series: | Nanyang Business Report Series
|
| Subjects: |
| LEADER | 00506cam a2200181 7i4500 | ||
|---|---|---|---|
| 001 | 0000005044 | ||
| 005 | 19991025090000.0 | ||
| 002 | ##000006625 | ||
| 020 | 0 | 0 | |a 0-13-713363-4 |
| 090 | 0 | 0 | |a INDA 338.7 |b BUS |
| 245 | 0 | 0 | |a Business opportunities in India. |
| 260 | 0 | 0 | |a Singapore: |b Prentice Hall, |c 1996. |
| 300 | 0 | 0 | |a 237 p.. |
| 440 | 0 | 0 | |a Nanyang Business Report Series |
| 650 | 0 | 0 | |a Business -- |z India |
| 651 | 0 | 0 | |a India |
| 700 | 1 | 1 | |a Tan, |h Teck Meng |
| 999 | |a 0000007828 |b Book |c Open shelf |e Business Information Centre | ||


